Marketingová komunikácia na podporu Obchodnej fakulty v prostredí stredných škôl diplomová práca

Gespeichert in:
Bibliographische Detailangaben
1. Verfasser: Janeček, Roman
Körperschaft: Obchodná fakulta EU. Katedra marketingu
Weitere Verfasser: Filo, Peter
Format: Buch
Sprache:Slowakisch
Veröffentlicht: Bratislava 2018
Tags: Tag hinzufügen
Keine Tags, Fügen Sie das erste Tag hinzu!

MARC

LEADER 00000nbm a2200000 4500
001 0243409
005 20180817110918.4
041 0 |a slo 
044 |a SK 
245 1 0 |a Marketingová komunikácia na podporu Obchodnej fakulty v prostredí stredných škôl  |b diplomová práca  |c Roman Janeček ; školiteľ: Peter Filo 
264 1 |a Bratislava  |c 2018 
300 |a 67 s. 
100 1 |a Janeček, Roman 
700 1 |a Filo, Peter 
710 2 |a Obchodná fakulta EU. Katedra marketingu